000 00882 a2200205 4500
001 36087
005 20260407155638.0
008 260407a1991 arg spa d
003 AR-UNSa-BCEJYS
040 _aAR-UNSa-BCEJYS
_bspa
_cAR-UNSa-BCEJYS
080 _a658.012.2
_xPlanificación. Programas. Planes. Medidas de apoyo a la planificación( Administración estratégica...)
245 1 0 _aEstrategia empresarial
_ppautas, claves y modelos para pensar la organización inteligente
020 _a84-7577-299-4
264 1 _aBarcelona :
_bGranica
_c1991
300 _a261 p.
_c22 cm.
505 _a1. Desarrollo empresarial moderno - 2. Actividad empresarial - 3. Compañias de servicios y compañías de software - 4. Desarrollo empresarial - 5. Funciones de la administración de empresas
942 _cBK
590 _aniveau_biblio:m niveau_hierar:0
100 1 _akarlöf, Bengt
999 _c2608
_d2608